Photographic imaging techniques in C++ for Windows and Windows NT / (Record no. 61908)

000 -LEADER
fixed length control field 01473cam a2200349 a 4500
001 - CONTROL NUMBER
control field 655401
003 - CONTROL NUMBER IDENTIFIER
control field NUST-PNEC
005 - DATE AND TIME OF LATEST TRANSACTION
control field 20170116180734.0
008 - FIXED-LENGTH DATA ELEMENTS--GENERAL INFORMATION
fixed length control field 941229s1995 nyua b 001 0 eng
010 ## - LIBRARY OF CONGRESS CONTROL NUMBER
LC control number 94049718
020 ## - INTERNATIONAL STANDARD BOOK NUMBER
International Standard Book Number 0471115681
040 ## - CATALOGING SOURCE
Original cataloging agency DLC
Transcribing agency PNEC
Modifying agency DLC
050 00 - LIBRARY OF CONGRESS CALL NUMBER
Classification number QA76.76.W56
Item number L54 1995
082 00 - DEWEY DECIMAL CLASSIFICATION NUMBER
Classification number 006.76 LIN
Edition number 20
100 1# - MAIN ENTRY--PERSONAL NAME
Personal name Lindley, Craig A.
245 10 - TITLE STATEMENT
Title Photographic imaging techniques in C++ for Windows and Windows NT /
Statement of responsibility, etc. Craig A. Lindley.
260 ## - PUBLICATION, DISTRIBUTION, ETC.
Place of publication, distribution, etc. New York :
Name of publisher, distributor, etc. Wiley,
Date of publication, distribution, etc. c1995.
300 ## - PHYSICAL DESCRIPTION
Extent xv, 432 p. :
Other physical details ill. (some col.) ;
Dimensions 24 cm.
504 ## - BIBLIOGRAPHY, ETC. NOTE
Bibliography, etc. note Includes bibliographical references (p. 425-426) and index.
538 ## - SYSTEM DETAILS NOTE
System details note System requirements for accompanying computer disc: A 386 or 486 processor running at 20 MH2 or faster; Windows 3.1 or Windows 95; at least 6 Mb of RAM.
630 00 - SUBJECT ADDED ENTRY--UNIFORM TITLE
Uniform title Microsoft Windows NT.
650 #0 - SUBJECT ADDED ENTRY--TOPICAL TERM
Topical term or geographic name entry element Windows (Computer programs)
General subdivision Computer, MIS
650 #0 - SUBJECT ADDED ENTRY--TOPICAL TERM
Topical term or geographic name entry element C (Computer program language)
650 #0 - SUBJECT ADDED ENTRY--TOPICAL TERM
Topical term or geographic name entry element C++ (Computer program language)
650 #0 - SUBJECT ADDED ENTRY--TOPICAL TERM
Topical term or geographic name entry element Computer graphics.
856 42 - ELECTRONIC LOCATION AND ACCESS
Uniform Resource Identifier <a href="http://www.amazon.com/Photographic-Imaging-Techniques-Windows-NT/dp/0471115681/ref=sr_1_1?s=books&ie=UTF8&qid=1416649078&sr=1-1&keywords=0471115681">http://www.amazon.com/Photographic-Imaging-Techniques-Windows-NT/dp/0471115681/ref=sr_1_1?s=books&ie=UTF8&qid=1416649078&sr=1-1&keywords=0471115681</a>
856 42 - ELECTRONIC LOCATION AND ACCESS
Materials specified Publisher description
856 4# - ELECTRONIC LOCATION AND ACCESS
Materials specified Table of Contents
906 ## - LOCAL DATA ELEMENT F, LDF (RLIN)
a 7
b cbc
c orignew
d 1
e ocip
f 19
g y-gencatlg
942 ## - ADDED ENTRY ELEMENTS (KOHA)
Source of classification or shelving scheme
Koha item type Book
Holdings
Withdrawn status Lost status Source of classification or shelving scheme Damaged status Not for loan Permanent Location Current Location Shelving location Date acquired Source of acquisition Cost, normal purchase price Total Checkouts Full call number Barcode Date last seen Cost, replacement price Price effective from Koha item type
          Pakistan Navy Engineering College (PNEC) Pakistan Navy Engineering College (PNEC)   03/05/1998 Reference Grant 2350.00   006.76 LIN PNECLIB-019830 11/22/2014 2350.00 03/05/1998 Book
          Pakistan Navy Engineering College (PNEC) Pakistan Navy Engineering College (PNEC)   11/06/2011 - 495.00   006.76 LIN PNECLIB-025430 12/11/2014 495.00 11/06/2011 Book
          Pakistan Navy Engineering College (PNEC) Pakistan Navy Engineering College (PNEC)           006.76 LIN PNECLIB-025422 10/06/2015     Book
© 2023 Central Library, National University of Sciences and Technology. All Rights Reserved.